Szczegóły MARC21

Prace Naukowe Politechniki Szczecińskiej. [Prace Instytutu Ekonomiki Przemysłu].

001 -Numer kontrolny rekordu [,]
    • @
    • pole kontrolne
    • dd95319039
005 -Data i czas ostatniej zmiany [,]
    • @
    • Data ostatniej zmiany
    • 20250611190637.0
022 -Międzynarodowy Znormalizowany Numer Wydawnictwa Ciągłego - ISSN [ , ]
    • a
    • International Standard Serial Number
    • 0208-7103
035 -Inne numery kontrolne [ , ]
    • a
    • Numer kontrolny
    • (OCoLC)1424319317
040 -Instytucja sporządzająca opis [ , ]
    • a
    • Instytucja, która sporządziła opis (NP)
    • KR 93/LM
    • c
    • Instytucja, która sporządziła rekord (NP)
    • KR 93/LM
    • d
    • Instytucja, która zmodyfikowała rekord (P)
    • KR 93/EP
    • d
    • Instytucja, która zmodyfikowała rekord (P)
    • KR 93/MUs
    • d
    • Instytucja, która zmodyfikowała rekord (P)
    • GL 001/AD
041 -Język dokumentu [0, ]
    • a
    • Język tekstu (P)
    • polski
    • b
    • Język streszczeń(P)
    • ger
    • b
    • Język streszczeń(P)
    • rus
942 -Rodzaj dokumentu [ , ]
    • c
    • Rodzaj dokumentu
    • Wydaw. ciągłe w tym czasopisma
998 -Inne dane NUKAT [ , ]
    • a
    • Numer systemowy
    • vtls000027238
210 -Skrót tytułu [1, ]
    • a
    • Skrót tytułu
    • Pr. Nauk. Politech. Szczec., Inst. Ekon. Przem.
222 -Tytuł kluczowy [ ,0]
    • a
    • Tytuł kluczowy
    • Prace Naukowe Politechniki Szczecińskiej. Instytut Ekonomiki Przemysłu
245 -Strefa tytułu i oznaczenia odpowiedzialności [0,0]
    • a
    • Tytuł
    • Prace Naukowe Politechniki Szczecińskiej.
    • p
    • Nazwa części (P)
    • [Prace Instytutu Ekonomiki Przemysłu].
246 -Wariant tytułu [1,4]
    • a
    • Tytuł (NP)
    • Prace Instytutu Ekonomiki Przemysłu
246 -Wariant tytułu [1,4]
    • a
    • Tytuł (NP)
    • Prace Instytutu Ekonomiki Przemysłowej
260 -Strefa adresu wydawniczego [ , ]
    • a
    • Miejsce wydania (P)
    • Szczecin :
    • b
    • Nazwa wydawcy (P)
    • Wydawnictwo Uczelniane Politechniki Szczecińskiej,
    • c
    • Data wydania (P)
    • 1974-1986.
830 -Hasło dodatkowe serii i opisu książki wielotomowej - tytuł ujednolicony/tytuł [ ,0]
    • a
    • Tytuł ujednolicony/tytuł (NP)
    • Prace Naukowe Politechniki Szczecińskiej
300 -Strefa opisu fizycznego [ , ]
    • c
    • Format (NP)
    • 24 cm.
310 -Częstotliwość [ , ]
    • a
    • Częstotliwość
    • Niereg.
336 -Typ zawartości [ , ]
    • a
    • Termin opisujący typ zawartości
    • Tekst
    • b
    • Typ/rodzaj nośnika
    • txt
    • 2
    • Źródło (termin i kod)
    • rdacontent
337 -Typ mediów [ , ]
    • a
    • Tryb odtwarzania
    • Bez urządzenia pośredniczącego
    • b
    • Kod typu mediów
    • n
    • 2
    • Źródło (termin i kod)
    • rdamedia
338 -Typ/rodzaj nośnika [ , ]
    • a
    • Hasło opisujące typ nośnika
    • Wolumin
    • b
    • Kod typu nośnika
    • nc
    • 2
    • Źródło (termin i kod)
    • rdacarrier
362 -Strefa numeracji [0, ]
    • a
    • Strefa numeracji
    • Nr 1 (1974)-nr 23 (1986).
490 -Strefa serii i książki wielotomowej - forma nie do wyszukiwania [1, ]
    • a
    • Tytuł (P)
    • Prace Naukowe Politechniki Szczecińskiej
500 -Uwaga ogólna [ , ]
    • a
    • Uwaga ogólna (NP)
    • W ramach ogólnej numeracji Prac Naukowych Politechniki Szczecińskiej z.1 oznaczony jest numerem 24, a z.23 numerem 318.
580 -Uwaga o pozycji związanej [ , ]
    • a
    • Uwaga o pozycji związanej
    • Od 1987 tyt. podzielił się na: 1.Zeszyty Naukowe. Prace Instytutu Ekonomiki Produkcji i 2.Zeszyty Naukowe. Prace Katedry Planowania i Polityki Gospodarczej wydawane przez Uniwersytet Szczeciński. Find
650 -Hasło przedmiotowe - nazwa pospolita [ ,7]
    • a
    • Hasło przedmiotowe
    • Ekonomika przemysłu
710 -Hasło dodatkowe - nazwa ciała zbiorowego [2, ]
    • a
    • Nazwa ciała zbiorowego lub nazwa geograficzna jako pierwszy element (NP)
    • Politechnika Szczecińska.
    • b
    • Nazwa jednostki podrzędnej (P)
    • Instytut Ekonomiki Przemysłu.
710 -Hasło dodatkowe - nazwa ciała zbiorowego [2, ]
    • a
    • Nazwa ciała zbiorowego lub nazwa geograficzna jako pierwszy element (NP)
    • Politechnika Szczecińska.
    • b
    • Nazwa jednostki podrzędnej (P)
    • Wydawnictwo Uczelniane.
    • 4
    • Określenie rodzaju współpracy
    • pbl
785 -Tytuł następny wydawnictwa [0,6]
    • t
    • Title
    • Zeszyty Naukowe. Prace Instytutu Ekonomiki Produkcji
    • g
    • Relationship information
    • 1986-1993
    • x
    • International Standard Serial Number
    • 1230-3704
    • w
    • Record control number
    • (NUKAT)cc99232781
785 -Tytuł następny wydawnictwa [0,6]
    • t
    • Title
    • Zeszyty Naukowe. Prace Katedry Planowania i Polityki Gospodarczej
    • g
    • Relationship information
    • 1988-1990
    • x
    • International Standard Serial Number
    • 1230-4344
    • w
    • Record control number
    • (NUKAT)cc99232776
952 -Egzemplarz [ , ]
    • c
    • Sygnatura
    • Ec.28660
    • d
    • Lokalizacja
    • BE Biblioteka Ekonomiczna
    • i
    • Nr tomu wydaw.cg
    • Z. 1 (1974)
    • y
    • Status udostępniania
    • Tylko na miejscu
952 -Egzemplarz [ , ]
    • c
    • Sygnatura
    • Ec.28660
    • d
    • Lokalizacja
    • BE Biblioteka Ekonomiczna
    • i
    • Nr tomu wydaw.cg
    • Z. 2 (1975)
    • y
    • Status udostępniania
    • Tylko na miejscu
952 -Egzemplarz [ , ]
    • c
    • Sygnatura
    • Ec.28660
    • d
    • Lokalizacja
    • BE Biblioteka Ekonomiczna
    • i
    • Nr tomu wydaw.cg
    • Z. 3 (1976)
    • y
    • Status udostępniania
    • Tylko na miejscu
952 -Egzemplarz [ , ]
    • c
    • Sygnatura
    • Ec.28660
    • d
    • Lokalizacja
    • BE Biblioteka Ekonomiczna
    • i
    • Nr tomu wydaw.cg
    • Z. 4 (1976)
    • y
    • Status udostępniania
    • Tylko na miejscu
952 -Egzemplarz [ , ]
    • c
    • Sygnatura
    • Ec.28660
    • d
    • Lokalizacja
    • BE Biblioteka Ekonomiczna
    • i
    • Nr tomu wydaw.cg
    • Z. 5 (1977)
    • y
    • Status udostępniania
    • Tylko na miejscu
952 -Egzemplarz [ , ]
    • c
    • Sygnatura
    • Ec.28660
    • d
    • Lokalizacja
    • BE Biblioteka Ekonomiczna
    • i
    • Nr tomu wydaw.cg
    • Z. 6 (1978)
    • y
    • Status udostępniania
    • Tylko na miejscu
952 -Egzemplarz [ , ]
    • c
    • Sygnatura
    • Ec.28660
    • d
    • Lokalizacja
    • BE Biblioteka Ekonomiczna
    • i
    • Nr tomu wydaw.cg
    • Z. 7 (1978)
    • y
    • Status udostępniania
    • Tylko na miejscu
952 -Egzemplarz [ , ]
    • c
    • Sygnatura
    • Ec.28660
    • d
    • Lokalizacja
    • BE Biblioteka Ekonomiczna
    • i
    • Nr tomu wydaw.cg
    • Z. 8 (1978)
    • y
    • Status udostępniania
    • Tylko na miejscu
952 -Egzemplarz [ , ]
    • c
    • Sygnatura
    • Ec.28660
    • d
    • Lokalizacja
    • BE Biblioteka Ekonomiczna
    • i
    • Nr tomu wydaw.cg
    • Z. 9 (1978)
    • y
    • Status udostępniania
    • Tylko na miejscu
952 -Egzemplarz [ , ]
    • c
    • Sygnatura
    • Ec.28660
    • d
    • Lokalizacja
    • BE Biblioteka Ekonomiczna
    • i
    • Nr tomu wydaw.cg
    • Z. 10 (1980)
    • y
    • Status udostępniania
    • Tylko na miejscu
952 -Egzemplarz [ , ]
    • c
    • Sygnatura
    • Ec.28660
    • d
    • Lokalizacja
    • BE Biblioteka Ekonomiczna
    • i
    • Nr tomu wydaw.cg
    • Z. 12 (1982)
    • y
    • Status udostępniania
    • Tylko na miejscu
952 -Egzemplarz [ , ]
    • c
    • Sygnatura
    • Ec.28660
    • d
    • Lokalizacja
    • BE Biblioteka Ekonomiczna
    • i
    • Nr tomu wydaw.cg
    • Z. 13 (1982)
    • y
    • Status udostępniania
    • Tylko na miejscu
952 -Egzemplarz [ , ]
    • c
    • Sygnatura
    • Ec.28660
    • d
    • Lokalizacja
    • BE Biblioteka Ekonomiczna
    • i
    • Nr tomu wydaw.cg
    • Z. 14 (1981)
    • y
    • Status udostępniania
    • Tylko na miejscu
952 -Egzemplarz [ , ]
    • c
    • Sygnatura
    • Ec.28660
    • d
    • Lokalizacja
    • BE Biblioteka Ekonomiczna
    • i
    • Nr tomu wydaw.cg
    • Z. 15 (1982)
    • y
    • Status udostępniania
    • Tylko na miejscu
952 -Egzemplarz [ , ]
    • c
    • Sygnatura
    • Ec.28660
    • d
    • Lokalizacja
    • BE Biblioteka Ekonomiczna
    • i
    • Nr tomu wydaw.cg
    • Z. 16 (1983)
    • y
    • Status udostępniania
    • Tylko na miejscu
952 -Egzemplarz [ , ]
    • c
    • Sygnatura
    • Ec.28660
    • d
    • Lokalizacja
    • BE Biblioteka Ekonomiczna
    • i
    • Nr tomu wydaw.cg
    • Z. 17 (1983)
    • y
    • Status udostępniania
    • Tylko na miejscu
952 -Egzemplarz [ , ]
    • c
    • Sygnatura
    • Ec.28660
    • d
    • Lokalizacja
    • BE Biblioteka Ekonomiczna
    • i
    • Nr tomu wydaw.cg
    • Z. 19 (1984)
    • y
    • Status udostępniania
    • Tylko na miejscu
952 -Egzemplarz [ , ]
    • c
    • Sygnatura
    • Ec.28660
    • d
    • Lokalizacja
    • BE Biblioteka Ekonomiczna
    • i
    • Nr tomu wydaw.cg
    • Z. 20 (1985)
    • y
    • Status udostępniania
    • Tylko na miejscu
952 -Egzemplarz [ , ]
    • c
    • Sygnatura
    • Ec.28660
    • d
    • Lokalizacja
    • BE Biblioteka Ekonomiczna
    • i
    • Nr tomu wydaw.cg
    • Z. 21 (1985)
    • y
    • Status udostępniania
    • Tylko na miejscu
952 -Egzemplarz [ , ]
    • c
    • Sygnatura
    • Ec.28660
    • d
    • Lokalizacja
    • BE Biblioteka Ekonomiczna
    • i
    • Nr tomu wydaw.cg
    • Z. 22 (1986)
    • y
    • Status udostępniania
    • Tylko na miejscu
952 -Egzemplarz [ , ]
    • c
    • Sygnatura
    • Ec.28660
    • d
    • Lokalizacja
    • BE Biblioteka Ekonomiczna
    • i
    • Nr tomu wydaw.cg
    • Z. 23 (1986)
    • y
    • Status udostępniania
    • Tylko na miejscu